000 00810nam a22002177a 4500
999 _c12958
_d12958
003 AR-CdUCM
008 190410b ||||| |||| 00| 0 spa d
040 _aMUNICIPALIDAD PROVINCIAL DEL CUSCO
_cBIBLIOTECA MUNICIPAL DEL CUSCO
082 _a951.03 /
_bS47
100 _aShouyi, Bai
_931093
245 _aBreve historia de china desde la antigüedad hasta 1919 /
260 _aBeijing :
_bLenguas extranjeras,
_c1984.
300 _a519 páginas ;
_c20 cm.
_bIlustraciones, mapas, Fotografías,
440 _aColección de biblioteca básica
_931094
505 _aContenido : Introducción -- Reliquias -- Fabulas y leyendas remotas -- Shang y zhou, estados esclavistas ...
650 _aHistoria
_9136
650 _aSociedad
_953
650 _aChina
_9843
942 _2ddc
_cLIBROS
945 _arah
_d10/04/2019